00278nam a2200121Ia 4500008004100000041000900041082001800050100002100068245001600089260003400105300000900139650000800148230718s9999 xx 000 0 und d aEng. a346.06bMAH-C aMahmoud, Shaukat 0aCompany law aPakistanbLegal Rewaachc1986 a1262 aLaw